000 00862aasaa2200217 a 4500
005 20191217042434.0
008 170427q1995 mx bu|p|r|||| 00| b spa d
040 _aCO-BoIAVH
_cCO-BoIAVH
041 0 _aspa
044 _amx
090 _aSE
245 0 0 _aBiodiversitas :
_bBoletín bimestral de la Comisión Nacional para el Conocimiento y Uso de la Biodiversidad /
260 _aMéxico :
_bComisión Nacional para el Conocimiento y Uso de la Biodiversidad (Conabio),
_c1995-.
300 _bilustraciones a color y fotografías a color ;
_c27 x 20 cm.
310 _ab
650 2 6 _aBiodiversidad
_vPublicaciones periódicas
650 2 6 _aRecursos biológicos
_vPublicaciones periódicas
651 6 _aMéxico
710 2 _aComisión Nacional para el Conocimiento y Uso de la Biodiversidad (CONABIO)
942 _2z
_cREVISTA
_s1
999 _c16710
_d16710